De música española y otros temas

Αποθηκεύτηκε σε:
Λεπτομέρειες βιβλιογραφικής εγγραφής
Κύριος συγγραφέας: Nolasco, Flérida de (autora)
Μορφή: Βιβλίο
Γλώσσα:Ισπανικά
Έκδοση: Santiago Ercilla 1939
Σειρά:Colección Contemporáneos
Θέματα:
Ετικέτες: Προσθήκη ετικέτας
Δεν υπάρχουν, Καταχωρήστε ετικέτα πρώτοι!

MARC

LEADER 00000nam a2200000 a 4500
001 UCN2990
003 CL-VaPUC
008 010615e19390000CL |||||||||||||||||spa|d
082 0 4 |a 780.946  |b NOL  |2 21 
100 |a Nolasco, Flérida de  |e autora  |9 459350 
245 1 0 |a De música española y otros temas 
300 |a 106 p 
942 |c BK 
945 |d 20010615 00:00:00  |a crobeson 
260 |a Santiago  |b Ercilla  |c 1939 
650 0 |a Música española  |9 306755 
650 7 |a MUSICOS ESPAÑOLES  |2 CL-VaPUC  |9 459351 
650 7 |a COMPOSITORES ESPAÑOLES  |2 CL-VaPUC  |9 459352 
650 7 |a MUSICA HISTORIA  |2 CL-VaPUC  |9 306301 
583 |a last modification  |c 20010615 00:00:00  |k Rodrigo Vera 
490 0 |a Colección Contemporáneos 
999 |c 296005  |d 296003 
952 |0 0  |1 0  |4 0  |6 780_946000000000000_NOL_1939  |7 0  |8 A  |9 349479  |a BIBEDU  |b BIBEDU  |d 2019-11-20  |i 1187074  |o 780.946 NOL 1939  |p 1187074  |r 2023-01-12  |w 2019-11-20  |y BK  |k MUS